| 000 | 00707cam a22001937i 4500 | ||
|---|---|---|---|
| 020 | _a9789924500100 | ||
| 040 | _cDLC | ||
| 082 | _a334 DEC 2017 C146 Or. | ||
| 100 | 1 | _aVong, Mun, | |
| 245 | 1 | 0 |
_aProgress and challenges of deconcentration in Cambodia : _bthe case of urban solid waste management / |
| 300 |
_a1 online resource (vi, pages) : _bPDF. |
||
| 490 | 0 | _aCDRI working paper series ; | |
| 500 | _a"December 2016." | ||
| 650 | 0 | _aRefuse and refuse disposal | |
| 650 | 0 | _aDecentralization in government | |
| 710 | 2 | _aVidyāsthān Paṇṭuḥ Paṇṭāl niṅ Srāvjrāv ṭoempī Qabhivaḍḍhn ̊Kambujā, | |
| 856 | 4 | 0 | _uhttps://cdri.org.kh/wp-content/uploads/wp110e-1.pdf |
| 942 | _cAEDBB | ||
| 999 |
_c21027 _d21027 |
||